The creative suffering of God (Registro nro. 46268)
[ vista simple ]
| 000 -LÍDER | |
|---|---|
| Campo fijo de descripción fija | 01132cam a2200313 i 4500 |
| 001 - NÚMERO DE CONTROL | |
| Campo de control | 768714001 |
| 003 - IDENTIFICADOR DEL NÚMERO DE CONTROL | |
| Campo de control | CO-MdFUSB |
| 005 - FECHA Y HORA DE LA ULTIMA TRANSACCIÓN | |
| control field | 20231130120545.0 |
| 008 - ELEMENTOS DE LONGITUD FIJA -- INFORMACIÓN GENERAL | |
| Campo fijo de descripción fija -- Información general | 160819t1988 -us||||| |||| 00| 0 eng d |
| 020 ## - NÚMERO INTERNACIONAL NORMALIZADO PARA LIBROS | |
| Número Internacional Normalizado del libro | 0-19-826686-3 |
| 040 ## - FUENTE DE CATALOGACIÓN | |
| Agencia que realiza la transcripción | CO-MdFUSB |
| Agencia de catalogación original | CO-MdFUSB |
| Idioma de catalogación | spa |
| Agencia que realiza la modificación | CO-MdFUSBC |
| Convenciones de la descripción | rda |
| 041 ## - CÓDIGO DE IDIOMA | |
| Código de idioma para texto/pista de sonido o título separado | eng |
| 082 ## - NÚMERO DE CLASIFICACIÓN DECIMAL DEWEY | |
| Número de clasificación | 231.4 F449c |
| 100 1# - ASIENTO PRINCIPAL--NOMBRE PERSONAL | |
| Nombre personal | Fiddes, Paul S. |
| 245 03 - TÍTULO | |
| Título del Material | The creative suffering of God |
| Mención de responsabilidad, etc. | / Paul S. Fiddes |
| 264 #1 - PRODUCCIÓN, PUBLICACIÓN, DISTRIBUCIÓN, MANUFACTURA, Y COPYRIGHT | |
| Lugar de producción, publicación, distribución, manufactura | Oxford, England |
| Nombre del productor, publicador, distribuidor | : Clarendon Press, |
| Fecha de producción, publicación, distribución, manufactura, o copyright | [1988] |
| 264 ## - PRODUCCIÓN, PUBLICACIÓN, DISTRIBUCIÓN, MANUFACTURA, Y COPYRIGHT | |
| Fecha de producción, publicación, distribución, manufactura, o copyright | ©1988 |
| 300 ## - DESCRIPCIÓN FÍSICA | |
| Extensión | 281 páginas |
| Dimensiones | ; |
| 336 ## - TIPO DE CONTENIDO | |
| Fuente | rdacontent |
| Término de tipo de contenido | texto |
| Código de tipo de contenido | txt |
| 337 ## - TIPO DE MEDIO | |
| Fuente | rdamedia |
| Nombre del tipo de medio | sin mediación |
| Código del tipo de medio | n |
| 338 ## - TIPO DE SOPORTE | |
| Fuente | rdacarrier |
| Nombre del tipo de soporte | volumen |
| Código Tipo de soporte | nc |
| 500 ## - NOTA GENERAL | |
| Nota General | Incluye índices (p. 273-281) |
| 501 ## - NOTA DE “CON” | |
| Nota de Contenido | Pasta dura |
| 505 00 - NOTA DE CONTENIDO | |
| Nota de contenido con formato preestablecido | ¿Por qué creer en un Dios sufriente? - El Dios que sufre el cambio - Un futuro para el sufrimiento de Dios - El Dios que sufre y sigue siendo Dios - El poder del Dios que sufre - La muerte de Dios - La enajenación del creador - La alienación del Dios vivo - Superando la nada. |
| 653 ## - TÉRMINO DE INDIZACIÓN - NO CONTROLADO | |
| Término no controlado | Doctrina |
| 653 ## - TÉRMINO DE INDIZACIÓN - NO CONTROLADO | |
| Término no controlado | Sufrimiento de Dios |
| 942 ## - TIPO DE MATERIAL (KOHA) | |
| Tipo de Item KOHA | Libros General |
| 945 ## - INFORMACIÓN LOCAL DEL REGISTRO | |
| Catalogador | johan1477 |
| Estado de Material | Estado de Perdido | Forma de Clasificación | Estado de Dañado | No para Préstamo | Colección | Tomo | Biblioteca de Origen | Biblioteca Permanente | Fecha de Adquisición | Total de Préstamos | Signatura Topográfica | Código de Barras | Última vez visto | Última vez Préstado | Ejemplar/Existencia | Fecha de Remplazo | Tipo de Material |
|---|---|---|---|---|---|---|---|---|---|---|---|---|---|---|---|---|---|
| Dewey Decimal Classification | Colección General | Biblioteca FUSBC | Biblioteca FUSBC | 26/05/2015 | 1 | G 231.4 F449c | 19987 | 12/12/2019 | 21/06/2017 | Ej. 1 | 26/01/2016 | Libros General |
